| 000 | 01034nam a2200313 i 4500 | ||
|---|---|---|---|
| 001 | 8030 | ||
| 003 | KOSZ 005 | ||
| 005 | 20200307094459.0 | ||
| 008 | 070620s1969 pl a f 001 0 pol | ||
| 015 | _aPB 1969/5455 | ||
| 040 |
_aWA N _cKOSZ 005/RW _dKOSZ 005/RW _dKOSZ 005/HR |
||
| 046 | _k1969 | ||
| 080 | _a621 | ||
| 080 | _a658.53 | ||
| 100 | 1 |
_aWołk, Romuald _d(1920- ) _eAutor |
|
| 245 | 1 | 0 |
_aPodstawy normowania pracy w przemyśle maszynowym / _cRomuald Wołk. |
| 250 | _aWyd. 2 uzup. | ||
| 260 |
_aWarszawa : _bWydawnictwa Naukowo-Techniczne, _c1969. |
||
| 300 |
_a577, [3] s., 7 k. tabl. : _bil., err. ; _c25 cm. |
||
| 380 | _aKsiążki. | ||
| 388 | _a1901-2000 | ||
| 504 | _aBibliogr. s. [559]-566. Indeks. | ||
| 650 | 4 | _aPraca | |
| 650 | 4 | _aNormowanie pracy | |
| 650 | 4 | _aPrzemysł maszynowy | |
| 710 | 2 |
_aWydawnictwa Naukowo-Techniczne _4pbl. |
|
| 856 |
_uhttp://koha.tu.koszalin.pl/cgi-bin/koha/opac-detail.pl?biblionumber=8030 _yKatalog online BPK |
||
| 942 |
_2UKD _cKS |
||
| 999 |
_c8030 _d8030 |
||